00530 2200205 4500001002100000005001500021008004100036020001800077035001900095041000700114082001500121090002100136100001700157700002600174245002400200260003300224300002900257500001100286650002700297INLIS00000000002583620241224132021241224||||||||| | ||| |||| || |  a979-769-061-x 0010-1224025836 aid0 a570.151 95 a570.151 95 LIK s0 aluknis sabri0 aSutanto Priyo Hastono00aStatistik Kesehatan aJakartabRajawali Persc2010 a20,5x14 cm, x, 208 hlm.; aCet. 4 0akesehatan -- statistik